Empty homes website (Record no. 117736)
[ view plain ]
| 000 -LEADER | |
|---|---|
| fixed length control field | 00963cam a2200217 4500 |
| 001 - CONTROL NUMBER | |
| control field | WB@3612-373 |
| 008 - FIXED-LENGTH DATA ELEMENTS--GENERAL INFORMATION | |
| fixed length control field | 040721n2004 000 0 eng u |
| 035 ## - SYSTEM CONTROL NUMBER | |
| System control number | (Sirsi) u126876 |
| 245 ## - TITLE STATEMENT | |
| Title | Empty homes website |
| 260 ## - PUBLICATION, DISTRIBUTION, ETC. | |
| Date of publication, distribution, etc. | 2004 |
| 490 ## - SERIES STATEMENT | |
| Series statement | RICS News Service |
| Volume/sequential designation | 16 July 2004 (1) |
| 520 ## - SUMMARY, ETC. | |
| Summary, etc. | RICS has been a core member of a group setting up a website (http://www.embro.co.uk) designed to put prospective landlords and developers in touch with long-term empty properties. The pilot scheme will initially cover the seven west London boroughs of Brent, Ealing, Hammersmith and Fulham, Harrow, Hillingdon, Hounslow and the Royal Borough of Kensington and Chelsea. http://www.rics.org/ricscms/bin/show?class=News&te mplate=/includes/shownews.html&id=9457&faculty=RIC S |
| 590 ## - LOCAL NOTE (RLIN) | |
| Local note | WB |
| 590 ## - LOCAL NOTE (RLIN) | |
| Local note | WB |
| 650 ## - SUBJECT ADDED ENTRY--TOPICAL TERM | |
| Topical term or geographic name entry element | EMPTY HOMES |
| 650 ## - SUBJECT ADDED ENTRY--TOPICAL TERM | |
| Topical term or geographic name entry element | HOUSING SHORTAGES |
| 650 ## - SUBJECT ADDED ENTRY--TOPICAL TERM | |
| Topical term or geographic name entry element | LOCAL AUTHORITIES |
| 650 ## - SUBJECT ADDED ENTRY--TOPICAL TERM | |
| Topical term or geographic name entry element | LONDON |
| 690 ## - LOCAL SUBJECT ADDED ENTRY--TOPICAL TERM (OCLC, RLIN) | |
| Topical term or geographic name as entry element | HOUSING |
| 942 ## - ADDED ENTRY ELEMENTS (KOHA) | |
| Suppress in OPAC | 0 |
| Withdrawn status | Lost status | Source of classification or shelving scheme | Damaged status | Not for loan | Home library | Current library | Shelving location | Date acquired | Total Checkouts | Full call number | Barcode | Date last seen | Copy number | Price effective from | Koha item type |
|---|---|---|---|---|---|---|---|---|---|---|---|---|---|---|---|
| Dewey Decimal Classification | London | London | News article | 21/07/2004 | WB4028-08 | 126876-1001 | 06/08/2019 | 1 | 06/08/2019 | News article |